000 00630na a2200241 4500
001 15462
003 MIRAKIL
005 20181213154804.0
008 161018b tu 000 0
020 _a9759645106
035 _a14074
040 _aMilas
_btur
_cTR-AnCHP
041 _atur
082 _a352.008
_bE63a 1997
090 _a352.008 E63a 1997
100 _aEren, Muhsin
245 _aAnkara'da Gökçek'li yıllar
_cMuhsin Eren
260 _a[y.y.]
_bZirve Ofset
_c1997
300 _a79 s.
_c19 sm.
650 _aBelediye yönetimi
_xTürkiye
_yAnkara
650 _aBelediyeler
_xTürkiye
_yAnkara
942 _2dcc
_cBKS
999 _c863
_d863